| 000 | 00912nam a2200241Ia 4500 | ||
|---|---|---|---|
| 003 | OSt | ||
| 005 | 20250425162134.0 | ||
| 008 | 191128t1986 sp er 000 f spa d | ||
| 020 | _a8472232255 | ||
| 040 |
_aCO-JMCR _cCO-JMCR |
||
| 041 | 0 | _aspa | |
| 082 | 0 | 4 |
_aA-N _bKUNi |
| 100 | 1 |
_aKundera, Milan _eautor _97539 |
|
| 245 | 1 | 3 |
_aLa insoportable levedad del ser / _cMilan Kundera; traducción Fernando de Valenzuela |
| 250 | _aSegunda edición | ||
| 260 |
_aBarcelona : _bTusquets, _c©1986 |
||
| 300 |
_a320 páginas ; _c 20 cm |
||
| 490 | _aAndanzas | ||
| 520 | _aEsta es una extraordinaria historia de amor, o sea de celos, de sexo, de traiciones, de muerte y también de las debilidades y paradojas de la vida cotidiana de dos parejas cuyos destinos se entrelazan irremediablemente. | ||
| 650 | 1 | 4 |
_aAmor en la literatura _9634 |
| 700 |
_aValenzuela, Fernando de, _etraductor _97540 |
||
| 942 |
_2ddc _cBK |
||
| 999 |
_c3278 _d3278 |
||